=LDR 00000nam 2200000 4500 =001 INLIS000000000810030 =005 20251007094747 =035 ##$$a 0010-1025000013 =100 ##$$a Abi Wisam, M. R$e Pengarang =245 1#$$a Budi daya tanaman palem /$c Abi Wisam, M. R =250 ##$$a cetakan pertama =264 ##$$a Semarang : :$b Ghyyas putra,,$c 2010 =300 ##$$a 60 halaman ; $c 21 cm =336 ##$$a text$2 rdacontent =337 ##$$a tanpa perantara$2 rdamedia =338 ##$$a volume$2 rdacarrier =990 ##$$a 00000005310 =007 ta =008 251007###########################0#ind## =020 ##$$a 9797367444 =082 ##$$a 633.5 =084 ##$$a 633.5 ABI b